000 00220nam a22001097a 4500
003 OSt
008 241202b |||||||| |||| 00| 0 eng d
041 _aeng
100 _aTolstoy
_94478
245 _aPolykushku
942 _cBK
999 _c18172
_d18172